00785 a2200181 4500003000500000005001700005040000900022082001000031245006300041260003600104300001100140505027100151538003200422650001700454942001200471999001900483952010100502Nust20170207154214.0 cNust a378.4 aLeeds Metroplitan UniversitybLeeds Metroplitan University aLeedsbInvestor in Peoplec2001 a232 p. aLeeds Life (Page-4), Leeds Metropolitan University (Page-8), The Learning Experience (Page-18), Student Life (Page-24), Becoming A Student (Page-30), Undergraduate Courses (Page-45), Postgraduate Courses (Page-162), Professional Courses (Page-213), Index (Page-219). aAlmirah No. 117 Shelf No. 2 aUG Prosectus 2ddccBK c195004d195004 00102ddc40708NFICaMCSbMCSd2016-12-12l0o378.4 LEEpMCSPS-80r2016-12-08w2016-12-12yBK